<?xml version="1.0" encoding="UTF-8"?>
<resp>
  <nextPage>https://data.bn.org.pl/api/networks/bibs.marcxml?marc=001+b00001150000328&amp;sinceId=1150000329</nextPage>
  <collection>
    <record xmlns='http://www.loc.gov/MARC21/slim'><leader>00948namZa2200301ZiZ4500</leader><controlfield tag='001'>b00001150000328</controlfield><controlfield tag='005'>20260401103609.3</controlfield><controlfield tag='008'>230609s        pl           |000 0 pol c</controlfield><controlfield tag='009'>9913261746405606</controlfield><datafield ind1=' ' ind2=' ' tag='020'><subfield code='a'>8386851686</subfield></datafield><datafield ind1=' ' ind2=' ' tag='035'><subfield code='a'>KR_1KR_1_20120317230005098682-48omnis_kr</subfield></datafield><datafield ind1=' ' ind2=' ' tag='035'><subfield code='a'>KR_1_20120317230005098682</subfield><subfield code='9'>ExL</subfield></datafield><datafield ind1=' ' ind2=' ' tag='035'><subfield code='a'>(PL)b00001150000328</subfield></datafield><datafield ind1=' ' ind2=' ' tag='040'><subfield code='a'>KR_1</subfield><subfield code='c'>KR_1</subfield></datafield><datafield ind1='0' ind2=' ' tag='041'><subfield code='a'>pol</subfield></datafield><datafield ind1='0' ind2='0' tag='245'><subfield code='a'>Ciasta siostry Leonilli /</subfield><subfield code='c'>[red. Krystyna Kaźmierczak].</subfield></datafield><datafield ind1=' ' ind2=' ' tag='260'><subfield code='a'>Warszawa :</subfield><subfield code='b'>Wydaw. Sióstr Loretanek,</subfield><subfield code='c'>2007.</subfield></datafield><datafield ind1=' ' ind2=' ' tag='300'><subfield code='a'>119 s. :</subfield><subfield code='b'>rys. ;</subfield><subfield code='c'>19 cm.</subfield></datafield><datafield ind1='1' ind2=' ' tag='490'><subfield code='a'>Porady Kulinarne w Radiu Maryja.</subfield></datafield><datafield ind1=' ' ind2=' ' tag='500'><subfield code='a'>n</subfield></datafield><datafield ind1=' ' ind2='9' tag='650'><subfield code='a'>Ciasta.</subfield></datafield><datafield ind1='1' ind2=' ' tag='700'><subfield code='a'>Kaźmierczak, Krystyna</subfield><subfield code='e'>Red.</subfield></datafield><datafield ind1=' ' ind2=' ' tag='852'><subfield code='b'>48OMNIS_NETWORK</subfield><subfield code='8'>9913261746405606</subfield></datafield><datafield ind1=' ' ind2=' ' tag='852'><subfield code='b'>48OMNIS_KR</subfield><subfield code='8'>991000003289708216</subfield></datafield><datafield ind1=' ' ind2=' ' tag='852'><subfield code='8'>2210638800008216</subfield><subfield code='j'>1</subfield><subfield code='b'>KR_2_2</subfield><subfield code='p'>KR_2_20000654</subfield><subfield code='c'>KR_2_2_1</subfield></datafield><datafield ind1=' ' ind2=' ' tag='920'><subfield code='a'>83-86851-68-6</subfield></datafield></record>
  </collection>
</resp>
